00487nam a2200193 a 4500001001300000003000900013005001700022008004100039020000800080082001600088100002200104245002500126260004800151300000900199500003500208505000800243650002000251700002200271nice12345678IN_TiNIC20260116011357.0050524s1958 dela grp 000 0 urd  ac300a297.2bISL4 aIslahi, Sadruddin aAsas-E-Din Ki Taamir aDelhibMarkazi Maktaba Jamat-E-Islamic1958 a348p aincludes index and biblioraphy2 aIll aIslam-Doctrines1 aIslahi, Sadruddin